000
00257nam a2200109Ia 4500
008
190913s9999||||xx |||||||||||||| ||und||
100
_a
Michael A.Hitt
245
0
_a
Strategic Management
260
_a
India
_b
McGraw Hill
_c
1998
300
_a
207
942
_c
BK
999
_c
8236
_d
8236